Les 16 Equipes de Liqui Moly Starligue (D1 Handball Masculin) - Statistiques

Statistiques générales
  • Ce quiz a été pris 88 fois
  • Le résultat moyen est 12 sur 16
Statistiques - réponses
Hint Réponse % Correct
Ile-de-France Paris Saint Germain Handball
100%
Loire-Atlantique Handball Club de Nantes
97%
Hérault Montpellier Handball
96%
Savoie Chambéry Savoie Mont Blanc Handball
88%
Nord Dunkerque Handball Grand Littoral
86%
Gard USAM Nîmes Gard
81%
Haute-Garonne Fenix Toulouse Handball
79%
Côte d'Or Dijon Métropole Handball
77%
Ille-et-Vilaine Cesson Rennes Métropole Handball
70%
Bouches-du-Rhône Provence Aix Université Club
70%
Var Saint-Raphaël Var Handball
70%
Haute-Vienne Limoges Handball
66%
Bas-Rhin Sélestat Alsace Handball
64%
Bouches-du-Rhône Istres Provence Handball
62%
Seine-Saint-Denis Tremblay Handball
61%
Eure-et-Loir C'Chartres Métropole Handball
60%
Aucun quiz correspondant
Distribution des résultats
% des personnes avec chaque résultat
Percentile par nombre de réponses
Votre historique - résultats
Vous n’avez pas pris ce quiz